000 00309nam a2200121Ia 4500
008 231120s2016 xx 000 0 und d
041 _aeng
082 _a741.2
100 _aHAZEL HARRISON
245 _aTHE ENCYCLOPEDIA OF DRAWING TECHNIQUES
260 _aSEARCH PRESS
_bSEARCH PRESS
_c2016
300 _aP-160
999 _c933437
_d933437